02217nam a2200289 a 4500001001000000005001700010041000800027044000700035084002100042100004500063245021200108250000600320260006500326300002200391500025700413500023100670500065500901500005301556500001001609546002401619650005201643650005601695650003401751650004501785700004701830740005001877BRCA_343020190320204258.0 aita ait a719b.C678c16771 aCervantes Saavedra, Miguel ded1547-161610aL´Ingegnoso Cittadino Don Chisciotte della ManciacComposto da Michel di Cervantes Saavedra et hora nuouamente tradotto con fedeltá e chiarezza, di Spagnolo, in Italiano da Lorenzo Franciosini Fiorentino. a3 aRomabStamperia di Giuseppe Coruo : Bartolomeo Lupardic1677 a2 v.bil.c16 cm. aContenido : v.1. Primera parte. Licencias de las autoridades aclesiasticas. Advertencia de los impresores. Advertencia del traductor. Prólogo de Cervantes. -- v.2. Segunda parte. Licencias de la primera parte. Advertencia de los impresores del tomo 1 aEdición : Con una Tavola ordinatiffina per trouar facilmente á ogni capitolo gli ftrauaganti fu ccetti, e l´heroiche brauure di quefto gran Cavaliero. Aggiuntevi in questa nuoa impressione 8 figure di Rame, e il principio aTercera edición impresa en italiano, pero la segunda que comprende ambas partes. La primera parte es copia de la edición príncipe italiana de 1622, puesto que como aquélla suprime la dedicatoria de Cervantes y los versos preliminares, y conserva todas las demás poesías escritas en español. La segunda, en cambio, sigue a la edición de 1625 suprimiendo también la dedicatoria y el prólogo de Cervantes, y tiene los versos intercalados en el texto, traducidos al italiano. Va adornada con las láminas de la edición española de Bruselas (1662), atribuidas a Bouttats. Piel; lomos decorados con filetes dorados Lúdovik Osterc aEstado físico : Al ejemplar le falta el vol. 2 aQM539 aTexto en : italiano14aNovela españolayÉpoca clásica, 1500-170014aLiteratura españolayÉpoca clásica, 1500-170014aNovela españolaySiglo XVII14aDon Quijote (Personaje ficticio)eNovela1 aFranciosini Fiorentino, LorenzoeTraductor0 aEl Ingenioso Hidalgo Don Quijote de la Mancha